000 01022nam0a22003131 4500
001 RU\INFOCOMM_322\NLR\5000199576
005 20250613111219.0
035 _a(NLR Aleph) 009583557
090 _a9205977
_c9205977
100 _a20130226d1969 |||y0rusy50 ca
101 1 _aeng
_crus
102 _aRU
105 _ay z |||||
200 1 _aMillionaires and managers
_e[Transl. from the Russ. ...]
_fS. Menshikov
210 _aM.
_c"Progress"
_d1969
215 _a328 с.
_d20 см
300 _aНа обороте тит. л.: С. Меньшиков. Миллионеры и менеджеры
620 _aМосква
686 _aЭ4(7США)53
_2rubbk
686 _aЭ1-102
_2rubbk
686 _aЭ4(7США)14 Изд.1973
_2rubbk
700 1 _9z01790
_aMen'šikov
_bS. M.
_f1927-
_gStanislav Michajlovič
790 1 _9z01700
_aMenshikov
_bS.
_4070
801 1 _aRU
_bInfocomm
_c20130226
801 0 _aRU
_bINFOCOMM
_gPSBO
852 _aNLR
_jЭк21 Д-3/54
852 _aNLR
_jЭк21 Д-3/140
942 _cBOOK
980 _aNB